000 00876nam a22002777a 4500
001 BR7304520
003 BR-BrBNA
005 20230928084036.0
007 ta
008 230509b bl.||||| |||| 00| 0 por d
040 _aBR-BrBNA
_bpor
_cBiblioteca Nacional de Agricultura
041 _a(Por)
072 _aQ10
_b0230
_b/G514
090 _ 0230 BR7304520
100 1 _aMello, J. de A.P. de
110 1 _aInstituto do Acucar e do Alcool, Recife, PE (Brasil)
_96291
245 1 _aConsideracoes sobre a industria canavieira Nordestina [Brasil]
260 3 _aRecife, PE (Brasil):
_c1959.
300 _a46 p.
500 _a(*) Documento disponível no(a) Instituto do Acucar e do Alcool, Rio de Janeiro, RJ (Brazil)
650 _aCANA DE ACUCAR
650 _aINDUSTRIA ALIMENTICIA
650 _aREGIAO NORDESTE
909 _a202309
_bLucia
_c55
_dLucia Elande
942 _cBK
999 _c16501
_d16501